Normal view
MARC view
Entry Personal Name
001 - CONTROL NUMBER
- control field: 11228
003 - CONTROL NUMBER IDENTIFIER
- control field: BD-RjUL
005 - DATE AND TIME OF LATEST TRANSACTION
- control field: 20240129130041.0
008 - FIXED-LENGTH DATA ELEMENTS
- fixed length control field: 240129|| aca||aabn | a|a d
040 ## - CATALOGING SOURCE
- Original cataloging agency: BD-RjUL
- Transcribing agency: BD-RjUL
100 ## - HEADING--PERSONAL NAME
- Personal name: البوصىرى الدلاصى, محمد شرف الدىن ;; Al-Bussari Al-Dalasi, Muhammad Sharaf Al-Din
670 ## - SOURCE DATA FOUND
- Source citation: Work cat.: (BD-RjUL)82844: البوصىرى الدلاصى, محمد شرف الدىن ;; Al-Bussari Al-Dalasi, Muhammad Sharaf Al-Din, قصيده برده شريف ;; Barda Sharif's poem /, 1951